000 00901nam a2200205 a 4500
001 000018900
003 AM-YEHGA
005 20250618070804.0
008 981223s1959 ||||||||||||||||||||arm d
040 _aAM-YeHGA
100 1 _aԹագոր, Ռաբինդրանաթ
_9461
245 1 0 _aԳորա :
_bՎեպ /
_cՌ. Թագոր; Թարգմ. ռուս.՝ Ա. Վարդապետյան; Խմբ.՝ Խ. Հրաչյան; Վերջաբ. հեղ.՝ Ա. Գնատուկ-Դանիլչուկ.
260 _aԵրևան :
_bՀայպետհրատ ,
_c1959.
300 _a598 էջ ;
_c20 սմ.
650 1 4 _aՀնդկական գրականություն
_xՎեպ
700 1 _aՎարդապետյան, Արփիկ Ղուկասի,
_d1912-
_eթարգմ.
_4trl
700 1 _aՀրաչյան, Խաչիկ Թադևոսի,
_d1912-1989
_eխմբ.
_4edt
_91925
700 1 _aԳնատուկ-Դանիլչուկ, Ա.
_eվերջաբ.
_4aft
090 _c6365
999 _c6321
_d6321